| 000 | 00611nam a22001937a 4500 | ||
|---|---|---|---|
| 999 |
_c20455 _d20455 |
||
| 003 | AR-CdUCM | ||
| 008 | 190530b ||||| |||| 00| 0 spa d | ||
| 040 |
_aMUNICIPALIDAD PROVINCIAL DEL CUSCO _cBIBLIOTECA MUNICIPAL DEL CUSCO |
||
| 082 |
_a747 / _bC96 |
||
| 100 |
_aCusa Ramos, Juan de _913522 |
||
| 245 | _aDecoración del hogar 1965 / | ||
| 260 |
_aBarcelona : _bEds. CEAC, _c1964. |
||
| 300 |
_a416 pƔginas ; _bIlustraciones, _c22 cm. |
||
| 505 | _aContenido: Decoraciones en el hogar. | ||
| 650 |
_aDecoraciones _913524 |
||
| 650 |
_aArreglos _942772 |
||
| 942 |
_2ddc _cLIBROS |
||
| 945 |
_adavv _d2019-05-30 |
||